000 00556nam a22002057a 4500
005 20250909101220.0
008 250909b |||||||| |||| 00| 0 eng d
020 _a9789358492019
040 _aIN-DiNC
_cIN-DiNC
041 _dasm
082 _a327.1
_bDAS
100 _aDas, Deepan
_eauthor
245 _aGulakiyo rajniti (Major10)/
_cby Deepan Das and Baikuntha Das
250 _a1st ed.
260 _aDibrugarh:
_bBanalata,
_c2025.
300 _a231p.
650 _aGlobal politics (Major10)
700 _aDas, Baikuntha
_eauthor
942 _2ddc
_cBK
999 _c12243
_d12243